00492nam a2200205Ia 4500003000900000008004100009040001300050040001300063041000800076100002000084245003600104250001100140260001000151260000900161300001100170300001000181490002200191490000800213600006500221IT-RoPAU120407s9999 xx 000 0 und d aIT-RoPAU cIT-RoPAU aita aBattista Mondin aL’eresia del nostro secolo... aTorino aBorla c1971 a193 p. c21 cm aLe idee e la vita v156 a"1. Teologia, Sec. XX. 230 BNI 71-2476"